000
00311 a2200109 4500
001
ART_30496
005
20260410162003.0
008
260409a
245
1
0
_a
Estado: ¿concepto o sujeto cambiante?
100
1
_a
Pinard, Gustavo
773
0
_t
Foro político
_g
- Vol. XIX (abr. 1997)
_w
REV30389
999
_c
31468
_d
31468